000 00372nam a2200133Ia 4500
005 20260328101453.0
008 260328s9999||||xx |||||||||||||| ||und||
100 _aBayley, Stephen
245 0 _aCars :
_b Freedom, style, sex, power, motion, colour, everything /
_cStephen Bayley
260 _bOctopus Books
300 _a384 p.
650 _aDISEÑO INDUSTRIAL
942 _cBK
999 _c8740
_d8740